| Tag |
First Indicator |
Second Indicator |
Subfields |
| LEADER |
00000nam a2200000 4500 |
| 001 |
in00004288708 |
| 005 |
20200813075606.0 |
| 006 |
m g d |
| 007 |
cr bn |||a|bb| |
| 008 |
930623s1647 stk o 00| | eng d |
| 035 |
|
|
|a (UnM)99863770
|
| 037 |
|
|
|a CL0051000002
|b ProQuest Information and Learning. 300 N. Zeeb Rd., Ann Arbor, MI 48106
|
| 040 |
|
|
|a Cu-RivES
|c Cu-RivES
|d CStRLIN
|e dcrb
|d WaOLN
|
| 130 |
0 |
|
|a Westminster Confession of Faith.
|
| 245 |
1 |
4 |
|a The humble advice of the Assembly of Divines, :
|b now by authority of Parliament sitting at Westminster, concerning a Confession of faith : with the quotations and texts of Scripture annexed. Presented by them lately to both Houses of Parliament.
|
| 260 |
|
|
|a Printed at London ;
|a and re-printed at Edinburgh :
|b by Evan Tyler, Printer to the Kings most excellent Majestie,
|c 1647.
|
| 300 |
|
|
|a 1 online resource ([2], 14, 17-56 pages)
|
| 336 |
|
|
|a text
|b txt
|2 rdacontent
|
| 337 |
|
|
|a computer
|b c
|2 rdamedia
|
| 338 |
|
|
|a online resource
|b cr
|2 rdacarrier
|
| 500 |
|
|
|a The outer formes of quires C, F, and G are in at least two settings. C1r line 3 begins (1) "Jews" or (2) "Iews"; F1r line 1 has (1) "vow to" or (2) "vow, to"; G1r line 4 has (1) "contemn" or (2) "contemne". The other variants given by McAlpin in "types" A and B are stop-press variants. "Type" C has not been seen by ESTC.
|
| 500 |
|
|
|a Imperfect: staining and bleed-through.
|
| 500 |
|
|
|a Annotation on Thomason copy: "Dec: 2d".
|
| 500 |
|
|
|a Reproduction of the original in the British Library.
|
| 510 |
4 |
|
|a Wing (2nd edition)
|c W1430.
|
| 510 |
3 |
|
|a McAlpin Coll., II, pages 496-7.
|
| 510 |
4 |
|
|a Thomason
|c E.418[12].
|
| 533 |
|
|
|a Electronic reproduction.
|b Ann Arbor, Mich. :
|c UMI,
|d 1999-
|f (Early English books online)
|n Digital version of: (Thomason Tracts ; 66:E418[12])
|7 s1999 miun s
|
| 650 |
|
0 |
|a Presbyterian Church
|v Creeds
|v Early works to 1800.
|
| 711 |
2 |
|
|a Westminster Assembly
|d (1643-1652)
|
| 830 |
|
0 |
|a Early English books online.
|
| 856 |
4 |
0 |
|u http://proxy.library.tamu.edu/login?url=https://search.proquest.com/docview/2240925869
|z Connect to the full text of this electronic book
|t 0
|
| 999 |
f |
f |
|s e8e883d9-8a2f-391b-ac35-64306c809f11
|i 5d6f8c2c-d879-3e5d-adc6-11e98fddea56
|t 0
|
| 952 |
f |
f |
|a Texas A&M University
|b College Station
|c Electronic Resources
|d Available Online
|t 0
|h No information provided
|
| 998 |
f |
f |
|t 0
|l Available Online
|